| 000 | 00476nam a2200157 a 4500 | ||
|---|---|---|---|
| 001 | 000029765 | ||
| 005 | 20200930055805.0 | ||
| 008 | 110425s1985 dr a 000 0 spa d | ||
| 040 |
_aDO-SdBNP _bspa _cBNPHU |
||
| 082 |
_axxxx _bP349n |
||
| 100 | 1 |
_aPeña Durán, Elíseo de _954947 |
|
| 245 | 1 | 0 |
_aNuestro apostol : _bJuan Pablo Duarte / _cElíseo de Peña Durán. |
| 260 |
_aSanto Domingo : _bFamilia de Peña Tactuk, _c1985. |
||
| 300 |
_a15 p. _ail. ; _c20 cm. |
||
| 049 | _aBNPD | ||
| 999 |
_c29257 _d29257 |
||